01883cam a22003854i 4500003000900000005001700009008004100026020001500067035002700082040003300109082002000142245010300162264004800265300003900313336002100352337002500373338002300398504004200421505077400463526001001237526001001247526001001257526001001267526000801277526000801285526000801293526000801301526000801309526000801317526000801325630005301333651005401386700002401440700003301464PE-LiUPU20250731172944.0150623s r 000 0 d a0931464234 a(Sirsi) i9780931464232 aPE-LiUPUbspacPE-LiUPUerda04a221.6bB58222300aBiblical and related studies presented to Samuel Iwry /ceditado por Ann Kort y Scott Morschauser. 1aWinona Lake, Indiana :bEisenbrauns,c1985. a274 páginas ;c24 centímetros. atext2rdacontent aunmediated2rdamedia avolume2rdacarrier aBibliografía al final de páginas.0 aDid Alexander Yannai negotiate an Alliance with the parthians?. -The first and second tithes in the temple scroll. -The rhetoric of Psalm 145. -Levitical cities: archaeology and texts. -Sargon and Joseph: dreams come true. -A literate soldier: lachish letter III. -Prose particles in the poetry of the primary history. -The murder of the merchants near akko. -Adam's Rib. -On making other Gods. -The meaning of tkwnh. -Cult and prayer. -Marginal notes to the biblical lexicon. -A difficult curse in aqht (19[1 Aqht]3.152-154). -Cain, the arrogant sufferer. -Originals and imitations in Biblical poetry: a comparative examination of 1 Sam 2:1-10 and Ps 113:5-9. -Studies in Neo-Aramaic lexicology. -Philippi's law reconsidered. -The worship of Baal and Asherah: a study. aSEG42 aSEG41 aSEG40 aSEG39 aP94 aP87 aP86 aP85 aP77 aP76 aP3514aBiblia.pA.T.xCrítica, interpretación, etc.24aOriente CercanoxCivilizaciónyc. 622vEnsayos.1 aKort, Ann,eeditor.1 aMorschauser, Scott,eeditor.